Personální management

Salvato in:
Dettagli Bibliografici
Autore principale: Stýblo, Jiří
Natura: Libro
Lingua:ceco
Pubblicazione: Praha Grada 1993
Edizione:1. vyd.
Soggetti:
Tags: Aggiungi Tag
Nessun Tag, puoi essere il primo ad aggiungerne!!

MARC

LEADER 00000nam a2200000 4500
001 c003627
005 20221214082605.1
020 |a 80-85424-92-4 
041 0 |a cze 
044 |a CZ 
245 1 0 |a Personální management  |c Jiří Stýblo 
250 |a 1. vyd. 
264 1 |a Praha  |b Grada  |c 1993 
300 |a 334 s. 
610 2 0 |a manažment personálny 
610 2 0 |a trh práce 
610 2 0 |a zamestnanosť 
610 2 0 |a marketing 
610 2 0 |a účasť na riadení 
610 2 0 |a organizácia 
610 2 0 |a štruktúra organizačná 
610 2 0 |a pracovníci vedúci 
610 2 0 |a štýl pracovný 
610 2 0 |a vedenie 
610 2 0 |a motivácia 
610 2 0 |a správanie 
610 2 0 |a vzťahy medziľudské 
610 2 0 |a nábor pracovníkov 
610 2 0 |a hodnotenie pracovné 
610 2 0 |a adaptácia 
100 1 |a Stýblo, Jiří